Batteries
में बचाया:
| मुख्य लेखक: | |
|---|---|
| स्वरूप: | पुस्तक |
| भाषा: | Undetermined |
| प्रकाशित: |
New York
Marcel Dekker, Inc
1974
|
| विषय: | |
| टैग : |
टैग जोड़ें
कोई टैग नहीं, इस रिकॉर्ड को टैग करने वाले पहले व्यक्ति बनें!
|
| Thư viện lưu trữ: | Trung tâm Học liệu Trường Đại học Cần Thơ |
|---|
| LEADER | 00487nam a2200181Ia 4500 | ||
|---|---|---|---|
| 001 | CTU_80846 | ||
| 008 | 210402s9999 xx 000 0 und d | ||
| 082 | |a 621.3 | ||
| 082 | |b K84/T.1 | ||
| 100 | |a Kordesch, Karl V. | ||
| 245 | 0 | |a Batteries | |
| 245 | 0 | |c Karl V. Kordesch | |
| 260 | |a New York | ||
| 260 | |b Marcel Dekker, Inc | ||
| 260 | |c 1974 | ||
| 650 | |a Electric batteries,Manganese dioxide | ||
| 904 | |i Trọng Hải | ||
| 980 | |a Trung tâm Học liệu Trường Đại học Cần Thơ | ||